[Event "Tarragona Province-ch"]
[Site "Tarragona"]
[Date "2018.09.30"]
[Round "1"]
[White "Girona Rovira, Albert"]
[Black "Cabrera Royo, Rafel"]
[Result "0-1"]
[WhiteElo "1763"]
[BlackElo "2000"]
[PlyCount "86"]
[EventDate "2018.09.30"]
[EventType "swiss"]
[EventRounds "9"]
[EventCountry "ESP"]
[SourceTitle "CBM 187 Extra"]
[Source "ChessBase"]
[SourceDate "2018.11.04"]
[SourceVersion "1"]
[SourceVersionDate "2018.11.04"]
[SourceQuality "1"]

1. d4 Nf6 2. c4 e6 3. Nc3 Bb4 4. a3 Bxc3+ 5. bxc3 b6 6. Bg5 h6 7. Bh4 g5 8. Bg3 Bb7 9. e3 d6 10. f3 Nbd7 11. Bd3 Qe7 12. Ne2 0-0-0 13. Qa4 Kb8 14. 0-0-0 e5 15. e4 g4 16. Bh4 gxf3 17. gxf3 Rhg8 18. Ng3 Qe6 19. Nf5 Rg2 20. Bf1 Rg6 21. Bh3 Rdg8 22. d5 Qe8 23. Bxf6 Rxf6 24. Nxh6 Rxh6 25. Qxd7 Qf8 26. Bg4 Qg7 27. h3 Qg5+ 28. Kc2 Rf8 29. Rhg1 Bc8 30. Qc6 Bxg4 31. hxg4 Rh2+ 32. Kb3 Qe3 33. Rgf1 Qe2 34. Rb1 Qc2+ 35. Kb4 Qa2 36. Ka4 Rc2 37. Rb3 Rb2 38. Rxb2 Qxb2 39. Qb5 Qxc3 40. Qb4 Qc2+ 41. Qb3 Qd2 42. Qb4 Qe2 43. Qe1 Qxc4+ 0-1

[Event "Tarragona-chA"]
[Site "Tarragona"]
[Date "2017.11.05"]
[Round "6"]
[White "Cabrera Royo, Rafel"]
[Black "Pique Ferrer, Jordi"]
[Result "1-0"]
[WhiteElo "1954"]
[BlackElo "1851"]
[PlyCount "89"]
[EventDate "2017.10.08"]
[EventType "swiss"]
[EventRounds "9"]
[EventCountry "ESP"]
[SourceTitle "CBM 181 Extra"]
[Source "ChessBase"]
[SourceDate "2017.12.12"]
[SourceVersion "1"]
[SourceVersionDate "2017.12.12"]
[SourceQuality "1"]

1. d4 d5 2. Nf3 Nf6 3. c4 dxc4 4. g3 Bf5 5. Bg2 c6 6. Ne5 e6 7. Nc3 Nbd7 8. Nxc4 Nb6 9. Na5 Qd7 10. 0-0 Bb4 11. Nb3 h6 12. a3 Be7 13. e4 Bg6 14. Bf4 0-0 15. Qe2 Bh5 16. f3 g5 17. Be3 Rfe8 18. Nc1 Rad8 19. Nd3 Nc4 20. Ne5 Nxe5 21. dxe5 Nh7 22. Bxa7 Qc7 23. Be3 Qxe5 24. Rad1 Bc5 25. Qf2 Bxe3 26. Qxe3 Qc7 27. Qc5 b6 28. Qc4 Qb7 29. e5 Bg6 30. f4 Rxd1 31. Rxd1 Qc7 32. Qxc6 Qxc6 33. Bxc6 Rc8 34. Rd6 gxf4 35. gxf4 Nf8 36. Bb5 Bf5 37. Kf2 Ng6 38. Kg3 h5 39. Rxb6 h4+ 40. Kf3 Ne7 41. a4 Bg6 42. a5 Bh5+ 43. Kf2 Ng6 44. a6 Nxf4 45. a7 1-0

[Event "Tarragona Province-chA"]
[Site "L'Hospitalet Infant"]
[Date "2016.11.27"]
[Round "9"]
[White "Cabrera Royo, Rafel"]
[Black "Baixauli Cullare, Julio"]
[Result "1/2-1/2"]
[WhiteElo "1937"]
[BlackElo "2152"]
[PlyCount "174"]
[EventDate "2016.10.02"]
[EventType "swiss"]
[EventRounds "9"]
[EventCountry "ESP"]
[SourceTitle "EXT 2018"]
[Source "ChessBase"]
[SourceDate "2017.10.13"]
[SourceVersion "1"]
[SourceVersionDate "2017.10.13"]
[SourceQuality "1"]

1. e4 g6 2. d4 Bg7 3. Nc3 d6 4. f4 c6 5. Nf3 Bg4 6. Be3 Nd7 7. Bc4 e6 8. h3 Bxf3 9. Qxf3 d5 10. Bd3 dxe4 11. Nxe4 Qe7 12. 0-0 Ngf6 13. Ng3 0-0 14. Rae1 Nd5 15. Bf2 Qd6 16. Ne2 Nb4 17. Rd1 Nxd3 18. Rxd3 Qd5 19. Qe3 Nf6 20. Rb3 b6 21. Rc1 Qd7 22. c4 Rfd8 23. Rd3 Ne8 24. Bh4 Rdc8 25. g4 Bf6 26. Bxf6 Nxf6 27. Qe5 Qd8 28. Ng3 Nd7 29. Qd6 Nf6 30. Qe5 Nd7 31. Qe3 Qc7 32. Ne4 f6 33. c5 Re8 34. Nd6 Re7 35. f5 Nf8 36. fxg6 Nxg6 37. Qe4 bxc5 38. dxc5 Ne5 39. Rg3 Nf7 40. Rd1 Rd8 41. Rgd3 Ne5 42. R3d2 Rg7 43. Rg2 Qe7 44. Re1 Ng6 45. Rg3 Ne5 46. Kh1 Rxd6 47. cxd6 Qxd6 48. g5 h6 49. g6 Qd5 50. Qxd5 cxd5 51. h4 h5 52. Rc1 Re7 53. b4 Kg7 54. b5 Nc4 55. a4 e5 56. Rd3 Nb2 57. Rxd5 Nxa4 58. Rcd1 Nb6 59. Rd6 Kxg6 60. Rg1+ Kf7 61. Rf1 Re6 62. Rd8 e4 63. Rh8 Re5 64. Rh7+ Kg6 65. Rxa7 Rxb5 66. Rb7 Rb4 67. Kg2 f5 68. Rd1 Nc4 69. Rxb4 Ne3+ 70. Kf2 Nxd1+ 71. Kg3 Ne3 72. Rb6+ Kg7 73. Ra6 Nd5 74. Kf2 f4 75. Ra5 Nf6 76. Rf5 Ng4+ 77. Ke1 f3 78. Rxh5 Kf6 79. Rg5 Ne3 80. Kf2 Ng2 81. Rh5 Nf4 82. Ra5 Nd3+ 83. Ke3 Kg6 84. Kxe4 f2 85. Ra1 Ne1 86. Ra6+ Kg7 87. Ra7+ Kg8 1/2-1/2

[Event "Tarragona Province-chA"]
[Site "L'Hospitalet Infant"]
[Date "2016.10.30"]
[Round "5"]
[White "Cabrera Royo, Rafel"]
[Black "Novales Montero, Enric"]
[Result "0-1"]
[WhiteElo "1937"]
[BlackElo "1744"]
[PlyCount "122"]
[EventDate "2016.10.02"]
[EventType "swiss"]
[EventRounds "9"]
[EventCountry "ESP"]
[SourceTitle "EXT 2018"]
[Source "ChessBase"]
[SourceDate "2017.10.13"]
[SourceVersion "1"]
[SourceVersionDate "2017.10.13"]
[SourceQuality "1"]

1. e4 e5 2. Nf3 Nc6 3. Nc3 Nf6 4. Nxe5 Nxe5 5. d4 Ng6 6. e5 Ng8 7. Bc4 Bb4 8. Qf3 Qe7 9. 0-0 Bxc3 10. bxc3 Nh6 11. a4 0-0 12. Qh5 Qh4 13. Qf3 c6 14. Re1 b6 15. Re4 Qd8 16. Qh5 Re8 17. Bg5 Qc7 18. f4 d5 19. exd6 Rxe4 20. dxc7 Bg4 21. Qxg4 Nxg4 22. Bd8 Re8 23. Ba6 Raxd8 24. cxd8Q Rxd8 25. Bb7 Ne7 26. Re1 Kf8 27. h3 Nf6 28. g4 Rd7 29. Ba6 Nfd5 30. Bc4 Nxf4 31. Rf1 Nxh3+ 32. Kg2 Ng5 33. a5 Nd5 34. Bxd5 Rxd5 35. axb6 axb6 36. Ra1 Ra5 37. Rb1 b5 38. Re1 Ne6 39. Re5 Ra2 40. d5 cxd5 41. Kg3 Rxc2 42. Rxd5 Rxc3+ 43. Kf2 b4 44. Rb5 b3 45. Ke1 Nd4 46. Rb8+ Ke7 47. g5 Nf3+ 48. Kd1 Nxg5 49. Kd2 Ne4+ 50. Kd1 f5 51. Rb5 Kf6 52. Rb6+ Kg5 53. Rb4 h5 54. Ke2 h4 55. Rb7 g6 56. Kf1 Rc2 57. Ke1 b2 58. Kd1 Rd2+ 59. Ke1 Rh2 60. Kd1 b1Q+ 61. Rxb1 Nc3+ 0-1

[Event "Amposta Calbet Memorial"]
[Site "Amposta"]
[Date "2016.05.28"]
[Round "7"]
[White "Asensio Gil, Jesus"]
[Black "Cabrera Royo, Rafel"]
[Result "1-0"]
[WhiteElo "1908"]
[BlackElo "1940"]
[PlyCount "73"]
[EventDate "2016.04.16"]
[EventType "swiss"]
[EventRounds "8"]
[EventCountry "ESP"]
[SourceTitle "CBM 172 Extra"]
[Source "ChessBase"]
[SourceDate "2016.06.21"]
[SourceVersion "1"]
[SourceVersionDate "2016.06.21"]
[SourceQuality "1"]

1. d4 Nf6 2. e3 d5 3. Bd3 e6 4. f4 c5 5. c3 Nc6 6. Nf3 Bd6 7. Nbd2 0-0 8. Ne5 Ne7 9. Qf3 Ne8 10. 0-0 f6 11. Qh3 g6 12. Ng4 Ng7 13. Nh6+ Kh8 14. g4 Bd7 15. Nf3 Qb6 16. a4 Qc7 17. Bd2 Rab8 18. dxc5 Bxc5 19. b4 Bd6 20. Nd4 e5 21. fxe5 Bxe5 22. Qg2 Ne6 23. h4 Nxd4 24. exd4 Bd6 25. Rf3 Ng8 26. Raf1 Be7 27. Nxg8 Kxg8 28. Bh6 Rf7 29. h5 g5 30. Bxg5 Rbf8 31. Bh6 Re8 32. g5 Kh8 33. gxf6 Rg8 34. Bg7+ Rgxg7 35. fxg7+ Kg8 36. Rxf7 Be6 37. Rf8+ 1-0

[Event "Tarragona Province-ch"]
[Site "Hospitalet de l'Infant"]
[Date "2013.11.17"]
[Round "7"]
[White "Cabrera Royo, Rafel"]
[Black "Rodriguez Marcos, Jose Ramon"]
[Result "1-0"]
[WhiteElo "1935"]
[BlackElo "1985"]
[PlyCount "63"]
[EventDate "2013.10.06"]
[EventType "swiss"]
[EventRounds "9"]
[EventCountry "ESP"]
[SourceTitle "EXT 2017"]
[Source "ChessBase"]
[SourceDate "2016.10.25"]
[SourceVersion "1"]
[SourceVersionDate "2016.10.25"]
[SourceQuality "1"]

1. d4 Nf6 2. Nc3 e6 3. e4 c5 4. d5 exd5 5. exd5 d6 6. Nf3 a6 7. a4 Be7 8. Bd3 0-0 9. h3 Re8 10. 0-0 Bf8 11. Bg5 Nbd7 12. Qd2 h6 13. Bh4 Ne5 14. Nxe5 Rxe5 15. f4 Re8 16. Rae1 Bd7 17. Qd1 Qb6 18. Bc4 Qxb2 19. Bxf6 gxf6 20. Qd3 Rxe1 21. Rxe1 f5 22. Rb1 Qa3 23. Rxb7 Qc1+ 24. Nd1 Re8 25. Rxd7 Re1+ 26. Kh2 Rxd1 27. Qxf5 Rh1+ 28. Kg3 Qe3+ 29. Kg4 Be7 30. Bd3 Kf8 31. Rc7 c4 32. Rc8+ 1-0

[Event "Tarragona Province-ch"]
[Site "Hospitalet de l'Infant"]
[Date "2013.10.20"]
[Round "3"]
[White "Cabrera Royo, Rafel"]
[Black "Regue Farran, Enric"]
[Result "0-1"]
[WhiteElo "1935"]
[BlackElo "2053"]
[PlyCount "52"]
[EventDate "2013.10.06"]
[EventType "swiss"]
[EventRounds "9"]
[EventCountry "ESP"]
[SourceTitle "EXT 2017"]
[Source "ChessBase"]
[SourceDate "2016.10.25"]
[SourceVersion "1"]
[SourceVersionDate "2016.10.25"]
[SourceQuality "1"]

1. d4 d5 2. Nf3 Nf6 3. c4 e6 4. Nc3 c5 5. e3 Nc6 6. Bd3 cxd4 7. exd4 Be7 8. 0-0 0-0 9. Bg5 h6 10. Bh4 dxc4 11. Bxc4 Qb6 12. Bb3 Rd8 13. d5 Nb4 14. Na4 Qa5 15. Bxf6 Bxf6 16. Rc1 b6 17. d6 Ba6 18. Re1 Nd3 19. Nc3 Bxc3 20. Rxc3 Nxe1 21. Nxe1 Qe5 22. d7 Rxd7 23. Qc1 Qe2 24. Nf3 Rad8 25. Re3 Rd1+ 26. Bxd1 Qf1# 0-1

[Event "Tarragona Province-ch"]
[Site "Hospitalet de l'Infant"]
[Date "2013.10.13"]
[Round "2"]
[White "Fernandez Fuentes, Francisco Javier"]
[Black "Cabrera Royo, Rafel"]
[Result "1/2-1/2"]
[WhiteElo "2119"]
[BlackElo "1935"]
[PlyCount "112"]
[EventDate "2013.10.06"]
[EventType "swiss"]
[EventRounds "9"]
[EventCountry "ESP"]
[SourceTitle "EXT 2017"]
[Source "ChessBase"]
[SourceDate "2016.10.25"]
[SourceVersion "1"]
[SourceVersionDate "2016.10.25"]
[SourceQuality "1"]

1. e4 c5 2. Nf3 d6 3. Bb5+ Bd7 4. Bxd7+ Qxd7 5. 0-0 Nc6 6. Re1 Nf6 7. b3 g6 8. Bb2 Bg7 9. c3 0-0 10. d4 cxd4 11. cxd4 d5 12. e5 Ne4 13. Nbd2 Nxd2 14. Qxd2 e6 15. Ba3 Rfc8 16. Re2 a5 17. Bc5 b5 18. a3 Qb7 19. h4 h5 20. Qf4 b4 21. a4 Nb8 22. g4 hxg4 23. Qxg4 Nd7 24. Bd6 Rc3 25. h5 gxh5 26. Qxh5 Rac8 27. Ng5 Nf8 28. Kh2 Rc1 29. Rxc1 Rxc1 30. Bxf8 Kxf8 31. Nh7+ Ke8 32. Qg5 Qa6 33. Qxg7 Qxe2 34. Qg8+ Kd7 35. Nf6+ Kc7 36. Qxf7+ Kb8 37. Nd7+ Kc8 38. Nb6+ Kb8 39. Nd7+ Kc8 40. Nc5 Rxc5 41. Qxe6+ Kb7 42. dxc5 Qxf2+ 43. Kh3 Qxc5 44. Qd7+ Kb6 45. e6 Qe3+ 46. Kg4 Qe4+ 47. Kg5 Qe5+ 48. Kg6 Qe4+ 49. Kf6 Qh4+ 50. Ke5 Qg5+ 51. Kd6 Qf4+ 52. Kxd5 Qf5+ 53. Kd4 Qf4+ 54. Kd3 Qf3+ 55. Kd2 Qf2+ 56. Kd3 Qf3+ 1/2-1/2

[Event "Tarragona Province-chA"]
[Site "Tarragona"]
[Date "2008.06.07"]
[Round "8"]
[White "Cabrera Royo, Rafel"]
[Black "Mombiela de Sus, Jose Luis"]
[Result "0-1"]
[WhiteElo "1724"]
[BlackElo "2070"]
[PlyCount "116"]
[EventDate "2008.04.19"]
[EventType "swiss"]
[EventRounds "8"]
[EventCountry "ESP"]
[SourceTitle "EXT 2019"]
[Source "ChessBase"]
[SourceDate "2018.10.10"]
[SourceVersion "1"]
[SourceVersionDate "2018.10.10"]
[SourceQuality "1"]

1. d4 e6 2. e4 c5 3. Nf3 cxd4 4. Nxd4 a6 5. Nc3 Qc7 6. Be2 Nc6 7. a3 Nxd4 8. Qxd4 Ne7 9. Be3 Nc6 10. Qd2 b5 11. 0-0 Bb7 12. f3 Rc8 13. Na2 Ne5 14. Rac1 Nc4 15. Bxc4 Qxc4 16. Nb4 Be7 17. Rfd1 d6 18. Qd4 0-0 19. Qxc4 Rxc4 20. Rd4 Bg5 21. Rd3 Bf6 22. c3 Be5 23. Bd4 Bf4 24. Rcd1 f5 25. exf5 Rxf5 26. Be3 Be5 27. Bd4 Bf4 28. Be3 Be5 29. Bd4 Bf4 30. Be3 Be5 31. Bd4 Bxd4+ 32. Rxd4 d5 33. Rxc4 bxc4 34. Kf2 g5 35. h3 h5 36. Nc2 Kf7 37. Nd4 Rf6 38. Re1 Ke7 39. Re5 Rg6 40. h4 gxh4 41. Rxh5 Kd6 42. Rxh4 e5 43. Rh6 Rxh6 44. Nf5+ Kc5 45. Nxh6 d4 46. g4 Bd5 47. g5 Kb5 48. g6 Ka4 49. g7 Kb3 50. g8Q Bxg8 51. Nxg8 Kxb2 52. cxd4 c3 53. dxe5 c2 54. e6 c1Q 55. e7 Qc2+ 56. Ke1 Qc3+ 57. Kf2 Qd4+ 58. Ke1 Qe3+ 0-1

[Event "Tarragona Province-chA"]
[Site "Tarragona"]
[Date "2008.05.24"]
[Round "6"]
[White "Cabrera Royo, Rafel"]
[Black "Burillo Rodriguez, Carlos"]
[Result "1/2-1/2"]
[WhiteElo "1724"]
[BlackElo "2045"]
[PlyCount "132"]
[EventDate "2008.04.19"]
[EventType "swiss"]
[EventRounds "8"]
[EventCountry "ESP"]
[SourceTitle "EXT 2019"]
[Source "ChessBase"]
[SourceDate "2018.10.10"]
[SourceVersion "1"]
[SourceVersionDate "2018.10.10"]
[SourceQuality "1"]

1. d4 Nf6 2. c4 e6 3. Nc3 Bb4 4. Qc2 0-0 5. Bg5 c5 6. e3 Qa5 7. Bxf6 Bxc3+ 8. Qxc3 Qxc3+ 9. bxc3 gxf6 10. g3 d6 11. Bg2 Nd7 12. Nf3 Rb8 13. Rb1 b6 14. Nd2 f5 15. 0-0 Nf6 16. Rb2 Ba6 17. Rfb1 Rbc8 18. Bf1 Ne4 19. Nxe4 fxe4 20. d5 exd5 21. cxd5 Bxf1 22. Kxf1 c4 23. Rd1 Rc5 24. Rd4 Re8 25. Rb4 b5 26. Rb2 Kg7 27. f4 exf3 28. Kf2 Re5 29. Rbd2 a5 30. a3 f5 31. Kxf3 Kf6 32. h3 h5 33. h4 Rc8 34. Rb2 Rce8 35. Re2 Rb8 36. Rb2 Rbe8 37. Re2 Rc8 38. Rb2 Rc5 39. Rbd2 Re7 40. Rf4 b4 41. axb4 axb4 42. cxb4 c3 43. Rc2 Rxd5 44. Rxc3 Rd1 45. Rd4 Rxd4 46. exd4 Rb7 47. Rb3 Rb5 48. Ke3 Ke6 49. Kf4 Kd5 50. Ke3 Kc4 51. Rb1 Rb8 52. Rc1+ Kd5 53. Rb1 Re8+ 54. Kf4 Kxd4 55. Rd1+ Kc4 56. Rxd6 Kxb4 57. Kxf5 Kc5 58. Ra6 Rf8+ 59. Rf6 Rh8 60. Kg5 Kd5 61. Rf3 Ke4 62. Ra3 Rh7 63. Kg6 Rh8 64. Kg7 Rb8 65. Ra4+ Kf3 66. Ra3+ Kg4 1/2-1/2